Antoine Kombouaré's Paris Saint-Germain - Statistics

General Stats
  • This quiz has been taken 8 times
  • The average score is 21 of 42
Answer Stats
Rank Player Position Nationality Matches Goals Assists % Correct
1 Christophe Jallet Right-Back 118 8 15
80%
29 Mateja Kežman Centre-Forward 18 2 2
80%
12 Nenê Attacking Midfield 77 29 33
80%
14 Apoula Edel Goalkeeper 67 0 0
60%
30 Blaise Matuidi Central Midfield 16 0 0
60%
5 Ceará Right-Back 96 1 2
60%
11 Claude Makélélé Defensive Midfield 78 1 3
60%
7 Clément Chantôme Defensive Midfield 87 6 5
60%
32 Diego Lugano Centre-Back 12 0 0
60%
19 Grégory Coupet Goalkeeper 41 0 0
60%
8 Guillaume Hoarau Centre-Forward 85 30 15
60%
21 Jean-Christophe Bahebeck Centre-Forward 28 3 2
60%
9 Jérémy Clément Defensive Midfield 85 3 1
60%
25 Jérémy Ménez Centre-Forward 23 5 10
60%
22 Kévin Gameiro Centre-Forward 27 10 2
60%
10 Ludovic Giuly Right Winger 83 10 13
60%
4 Mamadou Sakho Centre-Back 101 4 2
60%
15 Mathieu Bodmer Defensive Midfield 67 13 8
60%
2 Mevlüt Erdinç Centre-Forward 109 30 13
60%
33 Milan Bisevac Centre-Back 11 0 0
60%
31 Mohamed Sissoko Defensive Midfield 14 1 1
60%
27 Salvatore Sirigu Goalkeeper 20 0 0
60%
20 Sammy Traoré Centre-Back 32 0 0
60%
16 Siaka Tiéné Left-Back 65 0 3
60%
17 Stéphane Sessègnon Attacking Midfield 56 3 11
60%
3 Sylvain Armand Left-Back 103 4 3
60%
36 Grégory Bourillon Centre-Back 7 0 0
40%
24 Javier Pastore Attacking Midfield 24 8 4
40%
18 Jean-Eudes Maurice Centre-Forward 52 3 3
40%
42 Loïck Landre Centre-Back 1 0 0
40%
34 Neeskens Kebano Left Winger 9 1 0
40%
35 Nicolas Douchez Goalkeeper 8 0 0
40%
13 Péguy Luyindula Centre-Forward 72 16 9
40%
6 Zoumana Camara Centre-Back 87 4 1
40%
40 Albert Baning Defensive Midfield 1 0 0
20%
37 Florian Makhedjouf Central Midfield 3 0 0
20%
26 Granddi N'Goyi Defensive Midfield 22 0 0
20%
38 Loris Arnaud Centre-Forward 2 0 0
20%
28 Tripy Makonda Left-Back 19 0 1
20%
41 Willy Grondin Goalkeeper 1 0 0
20%
39 Yacine Qasmi Centre-Forward 1 0 0
20%
23 Younousse Sankharé Central Midfield 26 1 4
20%
No matching quizzes found
Score Distribution
Percent of People with Each Score
Percentile by Number Answered
Your Score History
You have not taken this quiz